Catálogo

LEY DE MURPHY II : (Registro nro. 14021)

Detalles MARC
000 -LEADER
fixed length control field 00519nam a2200193 a 4500
001 - CONTROL NUMBER
control field 14021
005 - DATE AND TIME OF LATEST TRANSACTION
control field 20180713202450.0
008 - FIXED-LENGTH DATA ELEMENTS--GENERAL INFORMATION
fixed length control field 140415s1982 mx 000 0 spa d
020 ## - INTERNATIONAL STANDARD BOOK NUMBER
International Standard Book Number 9681312961
041 ## - LANGUAGE CODE
Language code of text/sound track or separate title spa
082 ## - DEWEY DECIMAL CLASSIFICATION NUMBER
Classification number 306
Item number BLO
100 1# - MAIN ENTRY--PERSONAL NAME
Personal name BLOCH, ARTHUR
245 10 - TITLE STATEMENT
Title LEY DE MURPHY II :
Remainder of title MAS RAZONES POR LAS QUE LAS COSAS SALEN MAL
250 ## - EDITION STATEMENT
Edition statement 1a ed.
260 ## - PUBLICATION, DISTRIBUTION, ETC.
Place of publication, distribution, etc. MEXICO :
Name of publisher, distributor, etc. DIANA,
Date of publication, distribution, etc. 1982
300 ## - PHYSICAL DESCRIPTION
Extent 124
650 14 - SUBJECT ADDED ENTRY--TOPICAL TERM
Topical term or geographic name entry element ANTROPOLOGIA SOCIAL
700 1# - ADDED ENTRY--PERSONAL NAME
Personal name OCHOA ALVAREZ, XAVIER
Relator term tr.
Existencias
Withdrawn status Lost status Source of classification or shelving scheme Damaged status Not for loan Collection code Home library Current library Shelving location Date acquired Source of acquisition Inventory number Total Checkouts Full call number Barcode Date last seen Price effective from Koha item type
    Dewey Decimal Classification     General Biblioteca Karol Wojtyla Biblioteca Karol Wojtyla Sala general 03/12/2013 Compra 151000000000000000053683   306 BLO 50212 05/01/2026 03/12/2013 Libro
    Dewey Decimal Classification     General Biblioteca Karol Wojtyla Biblioteca Karol Wojtyla Sala general 03/12/2013 Compra 151000000000000000053680   306 BLO 31043 05/01/2026 03/12/2013 Libro
    Dewey Decimal Classification     General Biblioteca Karol Wojtyla Biblioteca Karol Wojtyla Sala general 03/12/2013 Compra 151000000000000000053684   306 BLO 50679 05/01/2026 03/12/2013 Libro